000 00948nam a2200217Ia 4500
001 23118
003 GE_BSU
008 181216s||||||||xx |||||||||||||| ||und||
040 _cGE_BSU
080 _aპერიოდიკა
245 _aსაპატრიარქოს უწყებანი 12-26 სექტემბერი №4(894) 2018.
245 _bპატრიარქის ქადაგება,ქრონიკა, ინფორმაცია და სხვა.
245 _cრედ:დეკანოზი დავით შარაშენიძე და სხვა.
260 _aთბილისი
260 _c2018
300 _a20გვ. 30სმ. ილ.
653 _aპერიოდიკა
653 _aრელიგია
653 _aსაპატრიარქოს უწყებანი 12-26 სექტემბერი №4(894) 2018.
942 _cCR
999 _c56018
_d56018